Route entlang der Küste #2 - Statistiken

Allgemein
  • Dieses Quiz wurde 83 mal gespielt
  • Das Durchschnittsergebnis liegt bei 11 aus 17
Antworten auf der Karte
Die Antworten werden auf der Karte rot bzw. grün angezeigt, abhängig davon wie oft sie richtig erraten wurden.
 
Antwortstatistiken
Antwort % Korrekt
Norwegen
100%
Schweden
95%
Finnland
94%
Russland
92%
Estland
76%
Lettland
73%
Litauen
73%
Polen
71%
Deutschland
65%
Dänemark
55%
Belgien
50%
Frankreich
50%
Niederlande
50%
Spanien
50%
Portugal
48%
Italien
44%
Monaco
40%
Keine übereinstimmenden Quizze gefunden
Verteilung der Resultate
Anzahl Personen mit jedem Resultat
Perzentil nach korrekt beantworteten Fragen
Ihre Resultats-Entwicklung
Sie haben dieses Quiz noch nicht gespielt